Journal article Open Access
د. سعيد أبوبكر شيخ أحمد عبدالله
<?xml version='1.0' encoding='UTF-8'?>
<record xmlns="http://www.loc.gov/MARC21/slim">
<leader>00000nam##2200000uu#4500</leader>
<datafield tag="980" ind1=" " ind2=" ">
<subfield code="a">publication</subfield>
<subfield code="b">article</subfield>
</datafield>
<datafield tag="245" ind1=" " ind2=" ">
<subfield code="a">تحليل وتقييم محتوى الجغرافيا للصف الثاني عشر بالصومال في ضوء تنمية الوعي البيئي</subfield>
</datafield>
<datafield tag="260" ind1=" " ind2=" ">
<subfield code="c">2022-06-18</subfield>
</datafield>
<datafield tag="520" ind1=" " ind2=" ">
<subfield code="a"><p>تحليل وتقييم محتوى الجغرافيا للصف الثاني عشر بالصومال في ضوء تنمية الوعي البيئي</p>
<p>د. سعيد أبوبكر شيخ أحمد عبدالله</p>
<p>عميد كلية الآداب والعلوم الإنسانية</p>
<p>ورئيس وحدة البحوث بجامعة مقديشو</p></subfield>
</datafield>
<datafield tag="980" ind1=" " ind2=" ">
<subfield code="a">user-mu-research-unit</subfield>
</datafield>
<datafield tag="980" ind1=" " ind2=" ">
<subfield code="a">user-sorer</subfield>
</datafield>
<datafield tag="773" ind1=" " ind2=" ">
<subfield code="a">10.20374/sorer/381</subfield>
<subfield code="i">isVersionOf</subfield>
<subfield code="n">doi</subfield>
</datafield>
<datafield tag="100" ind1=" " ind2=" ">
<subfield code="a">د. سعيد أبوبكر شيخ أحمد عبدالله</subfield>
<subfield code="u">Mogadishu University</subfield>
</datafield>
<datafield tag="856" ind1="4" ind2=" ">
<subfield code="s">644635</subfield>
<subfield code="u">https://sorer.somaliren.org.so/record/382/files/مجلة الجامعة العدد الثالث (1)-77-115.pdf</subfield>
<subfield code="z">md5:3a4d8fccc490806f14b45d510e798163</subfield>
</datafield>
<controlfield tag="005">20220914104116.0</controlfield>
<datafield tag="024" ind1=" " ind2=" ">
<subfield code="a">10.20374/sorer/382</subfield>
<subfield code="2">doi</subfield>
</datafield>
<datafield tag="542" ind1=" " ind2=" ">
<subfield code="l">open</subfield>
</datafield>
<datafield tag="540" ind1=" " ind2=" ">
<subfield code="u">http://www.opendefinition.org/licenses/cc-by-sa</subfield>
<subfield code="a">Creative Commons Attribution Share-Alike</subfield>
</datafield>
<datafield tag="650" ind1="1" ind2="7">
<subfield code="a">cc-by</subfield>
<subfield code="2">opendefinition.org</subfield>
</datafield>
<controlfield tag="001">382</controlfield>
</record>
| All versions | This version | |
|---|---|---|
| Views | 268 | 268 |
| Downloads | 104 | 104 |
| Data volume | 67.0 MB | 67.0 MB |
| Unique views | 263 | 263 |
| Unique downloads | 103 | 103 |